| 000 | 01055nam a2200337 i 4500 | ||
|---|---|---|---|
| 001 | 768714001 | ||
| 003 | CO-MdFUSB | ||
| 005 | 20201210092106.0 | ||
| 007 | ta | ||
| 008 | 930114t1991 txua b 000 0 eng d | ||
| 020 | _z088312100x | ||
| 040 |
_aMOG _cCO-MdFUSB _dCBC _dCO-MdFUSB _bspa _erda |
||
| 041 | _aeng | ||
| 082 |
_223 _a408.9 _bD263 |
||
| 090 | _aP35 | ||
| 100 | 1 |
_aDavis, Patricia M. _eautor |
|
| 245 | 1 | 0 |
_aCognition and learning : _ba review of the literature with reference to ethnolinguistic minorities _c/ Patricia M. Davis. |
| 264 | 1 |
_aDallas, TX : _bSummer Institute of Linguistics, _c[1991] |
|
| 264 | 4 | _c© 1991 | |
| 300 |
_aix, 80 páginas. : _bilustraciones. ; _c23 cm. |
||
| 336 |
_2rdacontent _atexto _btdi |
||
| 337 |
_2rdamedia _asin mediación _bn |
||
| 338 |
_2rdacarrier _avolumen _bnc |
||
| 504 | _aIncluye referencias bibliográficas e indice. | ||
| 563 | _aRústico | ||
| 653 | _aLingüística antropológica | ||
| 653 | _aEtnolingüística. | ||
| 942 | _cBK | ||
| 945 | _aJTF-925 | ||
| 999 |
_c66108 _d66108 |
||